| 000 | 00845nac a22002291u 4500 | ||
|---|---|---|---|
| 010 | _a2003002166 | ||
| 020 | _a8120323122 | ||
| 082 | 0 | 0 |
_a004.21 _bV135 |
| 090 |
_c987 _d987 |
||
| 100 | _aValacich, Joseph S., | ||
| 245 | 1 | 0 |
_aEssentials of systems analysis and design / _cJoseph S. Valacich, Joey F. George, Jeffrey A. Hoffer. |
| 250 | _a2nd ed. | ||
| 260 |
_aNew Delhi : _bPrentice Hall of India, _bc c2004. _c2004. |
||
| 300 |
_axxvii, 460 p. : _bcol. ill. ; _c28 cm. |
||
| 504 | _aIncludes bibliographical references (p. 443-446) and index. | ||
| 650 | 0 | _aSystem design. | |
| 650 | 0 | _aSystem analysis. | |
| 700 | 1 | _aGeorge, Joey F. | |
| 700 | 1 | _aHoffer, Jeffrey A. | |
| 942 |
_cBB _k004.21V135 |
||
| 999 |
_c987 _d987 |
||